00657nam a2200169Ia 4500008004100000020001800041041000800059082001800067100003500085245010700120250000600227260006100233300001300294650002900307999001900336952013200355210716s2010 xx 000 0 und d a9780070669055 aeng a004.6005 GODA aGodbole, Achyut; Kahate, Atul. aWeb technologies: TCP/IP architecture and java programming.bTCP/IP architecture and java programming. a2 aNew DelhibTata McGraw Hill Publishing Company Ltdc2010 axxii,607 aWeb Design & Development c190735d190735 001040708MCAaAIMITbAIMITeKnowledge Worldg395.00l0o004.6005 GODApMCA10243r2025-07-21 00:00:00v296.25w2021-07-16yBK